[Event "Vandoeuvre op"]
[Site "Vandoeuvre les Nancy FRA"]
[Date "2015.12.21"]
[Round "6"]
[White "Di Nicolantonio, Lucas"]
[Black "Hambleton, Aman"]
[Result "1-0"]
[WhiteElo "2408"]
[BlackElo "2446"]
[PlyCount "115"]
[EventDate "2015.12.19"]
[EventType "swiss"]
[EventRounds "9"]
[EventCountry "FRA"]
[Source "Chessbase"]
[SourceDate "2016.01.01"]

1. e4 e6 2. d4 d5 3. Nc3 Bb4 4. e5 Ne7 5. a3 Bxc3+ 6. bxc3 b6 7. Qg4 Ng6 8. h4
h5 9. Qd1 Ba6 10. Bxa6 Nxa6 11. Bg5 Qd7 12. Ne2 Qa4 13. O-O Ne7 14. Nf4 g6 15.
Bxe7 Kxe7 16. Nh3 Raf8 17. Ng5 Nb8 18. Re1 Qc4 19. Qd2 c5 20. Re3 Nc6 21. Rd1
Qa2 22. Rf3 Ke8 23. dxc5 b5 24. Rf6 Qc4 25. Qe3 Ke7 26. g3 Rhg8 27. Nh7 Qe4 28.
Qxe4 dxe4 29. Nxf8 Nxe5 30. Nh7 Rc8 31. Rf4 f5 32. Ng5 Rxc5 33. Nxe4 fxe4 34.
Rxe4 Nc4 35. Ra1 Nb6 36. Rae1 Rc6 37. Re5 a6 38. Rg5 Kf6 39. Re3 Nc4 40. Rf3+
Kg7 41. g4 hxg4 42. Rg3 Kf7 43. R5xg4 e5 44. Rf3+ Ke7 45. Rfg3 Kf7 46. Rg5 Re6
47. Rf3+ Ke7 48. Rfg3 Kf7 49. h5 gxh5 50. Rg7+ Kf6 51. R7g6+ Ke7 52. Rxe6+ Kxe6
53. Rg6+ Kd5 54. Rxa6 Nd6 55. a4 bxa4 56. Rxa4 Ne4 57. c4+ Kd6 58. Ra5 1-0

[Event "GM Gigant Chess"]
[Site "Panevezys LTU"]
[Date "2015.12.05"]
[Round "1.3"]
[White "Brazdzionis, Andrius"]
[Black "Hambleton, Aman"]
[Result "0-1"]
[WhiteElo "2243"]
[BlackElo "2446"]
[PlyCount "56"]
[EventDate "2015.12.05"]
[EventType "tourn"]
[EventRounds "9"]
[EventCountry "LTU"]
[EventCategory "7"]
[Source "Mark Crowther"]
[SourceDate "2015.12.14"]

1. d4 Nf6 2. Nf3 b6 3. c4 Bb7 4. Nc3 Ne4 5. Nxe4 Bxe4 6. Nd2 Bb7 7. e4 e6 8.
Bd3 Qf6 9. Nf3 Bb4+ 10. Ke2 Nc6 11. a3 Bf8 12. Be3 g6 13. Re1 h6 14. d5 Ne5 15.
Bd4 Bd6 16. Qd2 Qg7 17. b4 f6 18. c5 bxc5 19. bxc5 Nxd3 20. Qxd3 a5 21. Qc3
Ba6+ 22. Kd1 Be7 23. Kd2 O-O 24. Qxa5 c6 25. Qc7 e5 26. Bc3 Bxc5 27. Re3 Rfc8
28. Qa5 Bb5 0-1

[Event "GM Gigant Chess"]
[Site "Panevezys LTU"]
[Date "2015.12.07"]
[Round "3.4"]
[White "Stremavicius, Titas"]
[Black "Hambleton, Aman"]
[Result "1/2-1/2"]
[WhiteElo "2460"]
[BlackElo "2446"]
[PlyCount "94"]
[EventDate "2015.12.05"]
[EventType "tourn"]
[EventRounds "9"]
[EventCountry "LTU"]
[EventCategory "7"]
[Source "Mark Crowther"]
[SourceDate "2015.12.14"]

1. c4 c5 2. Nc3 b6 3. Nf3 Bb7 4. e4 e6 5. d4 cxd4 6. Nxd4 d6 7. g3 Nf6 8. Bg2
a6 9. O-O Qc7 10. b3 Nbd7 11. Bb2 Be7 12. Rc1 Rc8 13. Re1 O-O 14. g4 g5 15. h3
Ne5 16. Qd2 Nfd7 17. Rcd1 Ng6 18. Nce2 Nde5 19. Rf1 Qc5 20. Ng3 Nf4 21. a4 h6
22. Qe3 Bf6 23. Nh5 Nxh5 24. gxh5 Bg7 25. h4 g4 26. Qc1 Rfd8 27. Ba3 Qc7 28.
Qe3 Bc6 29. f4 gxf3 30. Nxf3 b5 31. Nxe5 dxe5 32. axb5 axb5 33. Rc1 Qb7 34. Rf3
f5 35. exf5 exf5 36. Rf2 f4 37. Qh3 Bxg2 38. Qxg2 Qa7 39. Bb2 Rd2 40. c5 Rxc5
41. Rxd2 Rxc1+ 42. Kh2 Rc8 43. Bxe5 f3 44. Qg4 Rf8 45. Bxg7 Qxg7 46. Qxg7+ Kxg7
47. Kg3 Rf5 1/2-1/2

[Event "GM Gigant Chess"]
[Site "Panevezys LTU"]
[Date "2015.12.08"]
[Round "4.2"]
[White "Hambleton, Aman"]
[Black "Bakalchuk, Johnatan"]
[Result "1-0"]
[WhiteElo "2446"]
[BlackElo "2311"]
[PlyCount "85"]
[EventDate "2015.12.05"]
[EventType "tourn"]
[EventRounds "9"]
[EventCountry "LTU"]
[EventCategory "7"]
[Source "Mark Crowther"]
[SourceDate "2015.12.14"]

1. c4 Nf6 2. Nc3 g6 3. d4 Bg7 4. e4 d6 5. f3 O-O 6. Be3 Nc6 7. Nge2 a6 8. Qd2
Rb8 9. Rc1 Bd7 10. Nd1 Re8 11. Nf2 b5 12. c5 dxc5 13. Rxc5 e5 14. d5 Ne7 15.
Qc1 Bf8 16. Bg5 Nc8 17. Rc2 Nb6 18. Ng3 Bb4+ 19. Bd2 Bxd2+ 20. Qxd2 h5 21. Bd3
Rc8 22. Qc1 h4 23. Ne2 h3 24. g3 Nh7 25. O-O Ng5 26. f4 Nf3+ 27. Kh1 exf4 28.
gxf4 Nh4 29. Ng3 Qf6 30. f5 Qd4 31. fxg6 Nxg6 32. Nh5 Qe5 33. Ng4 Bxg4 34. Nf6+
Kg7 35. Nxg4 Qh5 36. Nf6 Qh4 37. Nxe8+ Rxe8 38. Rxc7 Rf8 39. Qc3+ Kg8 40. Qf6
Qg4 41. Rg1 Qh5 42. Be2 Nxd5 43. exd5 1-0

[Event "GM Gigant Chess"]
[Site "Panevezys LTU"]
[Date "2015.12.08"]
[Round "5.5"]
[White "Kveinys, Aloyzas"]
[Black "Hambleton, Aman"]
[Result "1/2-1/2"]
[WhiteElo "2520"]
[BlackElo "2446"]
[PlyCount "85"]
[EventDate "2015.12.05"]
[EventType "tourn"]
[EventRounds "9"]
[EventCountry "LTU"]
[EventCategory "7"]
[Source "Mark Crowther"]
[SourceDate "2015.12.14"]

1. Nf3 Nf6 2. c4 c5 3. g3 b6 4. Bg2 Bb7 5. O-O e6 6. Nc3 a6 7. Re1 d6 8. e4 Be7
9. d4 cxd4 10. Nxd4 Qc7 11. Be3 Nbd7 12. f4 O-O 13. Rc1 Rfe8 14. Qe2 Rac8 15.
b3 Bf8 16. Bf2 g6 17. e5 Bxg2 18. Kxg2 dxe5 19. fxe5 Nh5 20. Nf3 Red8 21. Bd4
Bc5 22. Rcd1 Bxd4 23. Rxd4 Nc5 24. Red1 Rxd4 25. Rxd4 Rd8 26. Qd2 Rxd4 27. Qxd4
a5 28. g4 Ng7 29. Kf2 Ne8 30. Ke3 Qe7 31. Ne4 Nxe4 32. Kxe4 f5+ 33. exf6 Nxf6+
34. Ke3 Nd7 35. g5 e5 36. Qd5+ Kg7 37. h4 h6 38. a3 hxg5 39. hxg5 Qf7 40. Qe4
Qe6 41. b4 axb4 42. axb4 Kf7 43. Qh4 1/2-1/2

[Event "GM Gigant Chess"]
[Site "Panevezys LTU"]
[Date "2015.12.09"]
[Round "6.1"]
[White "Stupak, Kirill"]
[Black "Hambleton, Aman"]
[Result "1-0"]
[WhiteElo "2542"]
[BlackElo "2446"]
[PlyCount "77"]
[EventDate "2015.12.05"]
[EventType "tourn"]
[EventRounds "9"]
[EventCountry "LTU"]
[EventCategory "7"]
[Source "Mark Crowther"]
[SourceDate "2015.12.14"]

1. g3 d5 2. Bg2 c6 3. c4 d4 4. Nf3 Bg4 5. b4 Bxf3 6. Bxf3 Qc7 7. e3 dxe3 8.
fxe3 e5 9. b5 Nf6 10. Nc3 e4 11. Nxe4 Be7 12. Bb2 Nbd7 13. Nxf6+ Bxf6 14. Bxf6
Nxf6 15. bxc6 bxc6 16. Qa4 Rc8 17. Qa3 c5 18. Rb1 O-O 19. Rb7 Qd6 20. Rxa7 Rcd8
21. Qc3 h5 22. Ke2 Qe6 23. Qc2 Rfe8 24. Rf1 Ng4 25. Bxg4 Qxg4+ 26. Ke1 Rf8 27.
Rf4 Qh3 28. Rf2 Qg4 29. Rf4 Qh3 30. Rf2 Qg4 31. Ra5 h4 32. Rf4 Qe6 33. Rxh4 f5
34. Rf4 Qc6 35. Rf2 Qh1+ 36. Ke2 Rfe8 37. Rxc5 g6 38. Rd5 Rb8 39. Rb5 1-0

[Event "Quebec op 3e RIDEF"]
[Site "Montreal CAN"]
[Date "2015.07.17"]
[Round "1.8"]
[White "Hambleton, Aman"]
[Black "Selling, Edward"]
[Result "1-0"]
[WhiteElo "2445"]
[BlackElo "1885"]
[PlyCount "69"]
[EventDate "2015.07.17"]
[EventType "swiss"]
[EventRounds "9"]
[EventCountry "CAN"]

1. d4 Nf6 2. c4 g6 3. Nc3 Bg7 4. e4 d6 5. f3 O-O 6. Be3 Nc6 7. Nge2 e5 8. d5
Ne7 9. Qd2 Ne8 10. g4 f5 11. g5 f4 12. Bf2 c6 13. Rg1 Qa5 14. Rb1 cxd5 15. Nxd5
Qxd2+ 16. Kxd2 Nxd5 17. cxd5 Rf7 18. Nc3 Bd7 19. a4 a6 20. a5 Rc8 21. b3 Nc7
22. Na4 Nb5 23. Nb6 Rc7 24. Nxd7 Rfxd7 25. Bxb5 axb5 26. Bb6 Rc8 27. Rbc1 Rxc1
28. Rxc1 Kf7 29. Kc3 h6 30. gxh6 Bxh6 31. Kb4 Bg5 32. Kxb5 Bf6 33. Rc7 Ke8 34.
Rxd7 Kxd7 35. a6 1-0

[Event "Quebec op 3e RIDEF"]
[Site "Montreal CAN"]
[Date "2015.07.18"]
[Round "2.8"]
[White "Robichaud, Louis"]
[Black "Hambleton, Aman"]
[Result "0-1"]
[WhiteElo "2037"]
[BlackElo "2445"]
[PlyCount "158"]
[EventDate "2015.07.17"]
[EventType "swiss"]
[EventRounds "9"]
[EventCountry "CAN"]

1. e4 e6 2. d3 d5 3. Nd2 c5 4. g3 Nc6 5. Bg2 Nf6 6. Ngf3 g6 7. O-O Bg7 8. exd5
Nxd5 9. Ne4 b6 10. Bg5 f6 11. Bc1 O-O 12. Re1 e5 13. h4 Bg4 14. c3 Qd7 15. Qb3
Rad8 16. a4 Be6 17. Qc2 Nde7 18. Bf1 h6 19. a5 f5 20. Ned2 Kh7 21. axb6 axb6
22. Nc4 Bxc4 23. dxc4 e4 24. Nh2 Be5 25. Bh3 Qd3 26. Qxd3 Rxd3 27. Bf1 Rd7 28.
Bh3 Rfd8 29. Be3 Kg7 30. Nf1 Bc7 31. Bf4 Bxf4 32. gxf4 Rd6 33. Ne3 Kf6 34. Ra6
Nb8 35. Ra7 Nd7 36. Rb7 Nf8 37. Ra1 R8d7 38. Rxd7 Nxd7 39. Ra8 h5 40. Bf1 Ke6
41. b4 Rd2 42. b5 Nf6 43. Bh3 Rd3 44. Rb8 Nd7 45. Re8 Kf7 46. Rd8 Ne5 47. Rb8
Nf3+ 48. Kg2 Rd6 49. Kg3 Nd2 50. Bg2 Nb1 51. Rb7 Kf6 52. Bf1 Nxc3 53. Kg2 Na2
54. Nd5+ Nxd5 55. cxd5 Nb4 56. Bc4 Nd3 57. Kg3 Nb2 58. Ba2 c4 59. Rc7 Rxd5 60.
Rc6+ Ke7 61. Rxb6 Rc5 62. Rxg6 c3 63. Bb3 c2 64. Bxc2 Rxc2 65. Rg5 Rc3+ 66. Kg2
Kf6 67. Rxh5 Nd3 68. Rh6+ Kg7 69. Rb6 Nxf4+ 70. Kg1 Rb3 71. Kh2 Rh3+ 72. Kg1
Rxh4 73. Rd6 Rh3 74. b6 Rb3 75. Rd7+ Kf6 76. b7 Ne6 77. f3 e3 78. Rd3 Rb1+ 79.
Kh2 f4 0-1

[Event "Quebec op 3e RIDEF"]
[Site "Montreal CAN"]
[Date "2015.07.18"]
[Round "3.7"]
[White "Hambleton, Aman"]
[Black "Shi, Diwen"]
[Result "1-0"]
[WhiteElo "2445"]
[BlackElo "2153"]
[PlyCount "51"]
[EventDate "2015.07.17"]
[EventType "swiss"]
[EventRounds "9"]
[EventCountry "CAN"]

1. c4 e5 2. Nc3 Nc6 3. Nf3 Nf6 4. g3 Bc5 5. Bg2 d6 6. O-O a6 7. e3 O-O 8. d4
Ba7 9. h3 Re8 10. b3 h6 11. dxe5 dxe5 12. Bb2 Be6 13. Qe2 Qe7 14. Rad1 Rad8 15.
Nh4 e4 16. Nd5 Bxd5 17. cxd5 Ne5 18. Nf5 Qf8 19. g4 g6 20. Ng3 Qb4 21. Qc2 Bb6
22. Bc3 Qe7 23. Bxe4 Nexg4 24. Bxg6 Nxe3 25. fxe3 Qxe3+ 26. Kh2 1-0

[Event "Quebec op 3e RIDEF"]
[Site "Montreal CAN"]
[Date "2015.07.19"]
[Round "4.5"]
[White "Oussedik, Elias"]
[Black "Hambleton, Aman"]
[Result "0-1"]
[WhiteElo "2109"]
[BlackElo "2445"]
[PlyCount "58"]
[EventDate "2015.07.17"]
[EventType "swiss"]
[EventRounds "9"]
[EventCountry "CAN"]

1. Nf3 d5 2. c4 d4 3. b4 a5 4. Bb2 axb4 5. Nxd4 e5 6. Nc2 Nc6 7. g3 Be6 8. d3
Qd7 9. Bg2 Bh3 10. O-O h5 11. Nd2 h4 12. Nf3 hxg3 13. fxg3 Bxg2 14. Kxg2 Qh3+
15. Kg1 Nf6 16. e3 e4 17. dxe4 Nxe4 18. Qe2 Bd6 19. Ncd4 Bxg3 20. Qc2 O-O-O 21.
Qxe4 Bxh2+ 22. Kf2 Bg3+ 23. Ke2 Qg2+ 24. Kd3 Qxb2 25. Qg4+ Kb8 26. Qxg3 Qc3+
27. Ke2 Rxd4 28. exd4 Nxd4+ 29. Kf2 Qc2+ 0-1

[Event "Quebec op 3e RIDEF"]
[Site "Montreal CAN"]
[Date "2015.07.21"]
[Round "5.1"]
[White "Hambleton, Aman"]
[Black "Edouard, Romain"]
[Result "0-1"]
[WhiteElo "2445"]
[BlackElo "2639"]
[PlyCount "92"]
[EventDate "2015.07.17"]
[EventType "swiss"]
[EventRounds "9"]
[EventCountry "CAN"]

1. d4 Nf6 2. c4 e6 3. Nc3 Bb4 4. Qc2 d5 5. a3 Bxc3+ 6. Qxc3 c5 7. dxc5 d4 8.
Qg3 Nc6 9. Qxg7 Rg8 10. Qh6 e5 11. g3 Rg6 12. Qd2 Ne4 13. Qd1 Nxc5 14. Bg2 a5
15. Nf3 e4 16. Nd2 Bf5 17. O-O a4 18. b4 axb3 19. Nxb3 Na4 20. Bd2 Qd7 21. Bb4
Rd8 22. Nc5 Nxc5 23. Bxc5 Qe6 24. Qa4 Bh3 25. f4 Qf5 26. Bb6 Bxg2 27. Kxg2 Rh6
28. Kg1 Rd7 29. Qb5 Qh3 30. Rf2 Rh5 31. Qa4 Kf8 32. Rd1 Qg4 33. Qc2 Qg6 34. Qb2
Kg8 35. Rg2 Rh3 36. a4 h5 37. e3 d3 38. Qf2 Ne7 39. a5 Nf5 40. Qe1 Kh7 41. Qb4
h4 42. Qb5 hxg3 43. Qxd7 gxh2+ 44. Kh1 Ng3+ 45. Rxg3 Rxg3 46. Kxh2 Rg4 0-1

[Event "Quebec op 3e RIDEF"]
[Site "Montreal CAN"]
[Date "2015.07.23"]
[Round "7.2"]
[White "Shoker, Samy"]
[Black "Hambleton, Aman"]
[Result "1-0"]
[WhiteElo "2477"]
[BlackElo "2445"]
[PlyCount "61"]
[EventDate "2015.07.17"]
[EventType "swiss"]
[EventRounds "9"]
[EventCountry "CAN"]

1. g3 d5 2. Nf3 c6 3. Bg2 Bg4 4. d3 Nd7 5. O-O Ngf6 6. c4 dxc4 7. dxc4 e5 8. h3
Bxf3 9. exf3 Bc5 10. Na3 O-O 11. Nc2 a5 12. b3 Re8 13. Rb1 Nf8 14. Qxd8 Raxd8
15. Re1 N6d7 16. Bd2 Bb6 17. a3 Ne6 18. b4 axb4 19. axb4 Nd4 20. Ne3 Ra8 21. c5
Bc7 22. Bc3 Nb5 23. Bb2 Ra4 24. Nc2 Nf6 25. Bf1 Nd5 26. f4 Nxb4 27. Re4 Ba5 28.
fxe5 Nc7 29. Ba3 Ncd5 30. Bxb4 Bxb4 31. Rc4 1-0

[Event "Quebec op 3e RIDEF"]
[Site "Montreal CAN"]
[Date "2015.07.24"]
[Round "8.7"]
[White "Hambleton, Aman"]
[Black "Van Hoolandt, Patrick"]
[Result "1-0"]
[WhiteElo "2445"]
[BlackElo "2129"]
[PlyCount "67"]
[EventDate "2015.07.17"]
[EventType "swiss"]
[EventRounds "9"]
[EventCountry "CAN"]

1. c4 e6 2. Nc3 d5 3. d4 Bb4 4. Nf3 Nf6 5. Bg5 Nbd7 6. e3 c5 7. Bd3 Qa5 8. O-O
O-O 9. cxd5 exd5 10. dxc5 Bxc3 11. bxc3 Ne4 12. c4 h6 13. Bh4 Ndxc5 14. cxd5
Nc3 15. Qd2 Nxd3 16. Qxd3 Nxd5 17. Rfd1 Nb4 18. Qd2 Nc6 19. Rab1 b6 20. Rbc1
Qxd2 21. Rxd2 Bb7 22. Rd7 Na5 23. h3 Rfc8 24. Rxc8+ Rxc8 25. Ne5 f6 26. Ng6 Kh7
27. Nf4 Bc6 28. Re7 Re8 29. Rc7 Rd8 30. Ne6 Rd1+ 31. Kh2 Kg6 32. g4 Rh1+ 33.
Kg3 h5 34. Rxg7+ 1-0

[Event "Outaouais op (TORO)"]
[Site "Gatineau CAN"]
[Date "2015.06.05"]
[Round "1"]
[White "Carter, David"]
[Black "Hambleton, Aman"]
[Result "0-1"]
[WhiteElo "2174"]
[BlackElo "2606"]
[PlyCount "58"]
[EventDate "2015.06.05"]
[EventType "swiss"]
[EventRounds "5"]
[EventCountry "CAN"]

1. d4 e6 2. c4 Nf6 3. Nc3 Bb4 4. e3 c5 5. Bd3 d5 6. Nf3 dxc4 7. Bxc4 O-O 8. O-O
Nbd7 9. a3 Ba5 10. Qe2 a6 11. Bd2 b5 12. Ba2 cxd4 13. Nxd4 Bb7 14. Rac1 Bb6 15.
Rfd1 Qe7 16. Be1 Rac8 17. f3 Ne5 18. Bf2 Rfd8 19. e4 Nh5 20. g3 Qf6 21. f4 Nxf4
22. gxf4 Qxf4 23. Be3 Rxd4 24. Bxf4 Rxe4+ 25. Be3 Bxe3+ 26. Qxe3 Rxe3 27. Nd5
exd5 28. Bxd5 Rxc1 29. Rxc1 Nd3 0-1

[Event "Outaouais op (TORO)"]
[Site "Gatineau CAN"]
[Date "2015.06.07"]
[Round "4"]
[White "Hambleton, Aman"]
[Black "Dumont, Felix"]
[Result "1-0"]
[WhiteElo "2606"]
[BlackElo "2225"]
[PlyCount "92"]
[EventDate "2015.06.05"]
[EventType "swiss"]
[EventRounds "5"]
[EventCountry "CAN"]

1. d4 Nf6 2. c4 g6 3. Nc3 Bg7 4. e4 d6 5. f3 O-O 6. Be3 Nc6 7. Nge2 a6 8. Qd2
Rb8 9. Rc1 e5 10. d5 Ne7 11. g4 Ne8 12. b4 f5 13. g5 b6 14. c5 bxc5 15. bxc5
fxe4 16. fxe4 dxc5 17. Na4 c4 18. Ng3 Nd6 19. Nc5 Kh8 20. Be2 c6 21. Ne6 Bxe6
22. dxe6 Nb5 23. Qxd8 Rbxd8 24. Bc5 Rde8 25. Bxc4 Nd4 26. Rb1 Rf4 27. Rb7 Bf8
28. Bxd4 exd4 29. Rf1 Rxf1+ 30. Kxf1 h6 31. e5 Nd5 32. Bxd5 cxd5 33. Ne2 Rxe6
34. Nf4 Re8 35. Nxg6+ Kg8 36. Ke2 hxg5 37. Kd3 Re6 38. Nxf8 Kxf8 39. Kxd4 Rh6
40. Rb2 g4 41. Kxd5 Ke7 42. a4 a5 43. Rc2 Rh3 44. Rc7+ Kd8 45. Rg7 Rxh2 46.
Rxg4 Rh6 {Je suis incapable de reconstituer le reste de la partie qui s'est
terminÃ|^Â e quelques coups plus tard.} 1-0

[Event "Outaouais op (TORO)"]
[Site "Gatineau CAN"]
[Date "2015.06.07"]
[Round "5"]
[White "Qin, Zi Yi (Joey)"]
[Black "Hambleton, Aman"]
[Result "1/2-1/2"]
[WhiteElo "2440"]
[BlackElo "2606"]
[PlyCount "59"]
[EventDate "2015.06.05"]
[EventType "swiss"]
[EventRounds "5"]
[EventCountry "CAN"]

1. e4 e6 2. d4 d5 3. Nd2 c5 4. exd5 Qxd5 5. Ngf3 cxd4 6. Bc4 Qd7 7. O-O Nf6 8.
Nb3 Nc6 9. Nbxd4 Nxd4 10. Nxd4 a6 11. Bb3 Be7 12. c3 b6 13. Re1 Bb7 14. Bg5 Rd8
15. Qe2 Nd5 16. Bxe7 Qxe7 17. Qe5 O-O 18. Rad1 Qf6 19. Qxf6 Nxf6 20. Nc2 Ne4
21. Ne3 Rfe8 22. f3 Nd6 23. Rd2 Kf8 24. Red1 Ke7 25. Kf2 Nc8 26. Rxd8 Rxd8 27.
Rxd8 Kxd8 28. Bc2 h6 29. Bd3 Nd6 30. Nc4 1/2-1/2

[Event "McGill op playoff"]
[Site "Montreal CAN"]
[Date "2015.05.03"]
[Round "6"]
[White "Zhu, Hong Rui"]
[Black "Hambleton, Aman"]
[Result "0-1"]
[WhiteElo "2163"]
[BlackElo "2438"]
[PlyCount "114"]
[EventDate "2015.05.03"]
[EventType "match (blitz)"]
[EventRounds "1"]
[EventCountry "CAN"]

1. e4 c5 2. Ne2 e6 3. g3 Nc6 4. Bg2 g6 5. c3 Bg7 6. d4 cxd4 7. cxd4 d5 8. e5
Nge7 9. Nbc3 a6 10. O-O Bd7 11. Be3 Rc8 12. Qd2 Nf5 13. Rac1 Nxe3 14. fxe3 O-O
15. e4 Ne7 16. exd5 exd5 17. Nxd5 Nxd5 18. Bxd5 Rxc1 19. Rxc1 Bb5 20. Nc3 Qb6
21. Qf2 Kh8 22. Ne4 h6 23. Nd6 Kh7 24. Bxf7 Bc6 25. Qd2 Bxe5 26. Qd3 Qxd4+ 27.
Qxd4 Bxd4+ 28. Kf1 Be5 29. Ke2 Bxd6 30. Bc4 Kg7 31. b3 Re8+ 32. Kd3 Be5 33. Re1
Bf6 34. Rf1 Rd8+ 35. Ke3 h5 36. h3 b5 37. Bd3 a5 38. g4 hxg4 39. hxg4 b4 40.
Bc4 Bg5+ 41. Ke2 Bd5 42. Bd3 Re8+ 43. Kd1 Rc8 44. Bc2 a4 45. Re1 axb3 46. axb3
Rc6 47. Re5 Rd6 48. Rxg5 Kh6 49. Re5 Bxb3+ 50. Kc1 Bxc2 51. Kxc2 Rd4 52. g5+
Kh5 53. Kb3 Rg4 54. Rb5 Rxg5 55. Rxb4 Rg3+ 56. Ka4 Rg4 57. Kb3 Rxb4+ 0-1

[Event "McGill op"]
[Site "Montreal CAN"]
[Date "2015.05.01"]
[Round "1"]
[White "Yao, Sammy"]
[Black "Hambleton, Aman"]
[Result "0-1"]
[WhiteElo "2005"]
[BlackElo "2438"]
[PlyCount "78"]
[EventDate "2015.05.01"]
[EventType "swiss"]
[EventRounds "5"]
[EventCountry "CAN"]

1. c4 c5 2. g3 e6 3. Bg2 d5 4. cxd5 exd5 5. Nf3 d4 6. O-O Ne7 7. d3 Nec6 8.
Nbd2 Be7 9. a3 O-O 10. Qc2 Be6 11. Rb1 Ba2 12. Ra1 Bd5 13. e4 dxe3 14. fxe3 Nd7
15. b3 Nde5 16. Bb2 Bxf3 17. Nxf3 Qxd3 18. Qxd3 Nxd3 19. Bc3 Rad8 20. Rfd1 Rd7
21. Bf1 Rfd8 22. Rd2 b5 23. Rad1 c4 24. bxc4 bxc4 25. Nd4 Nce5 26. a4 Bg5 27.
Re2 Nc5 28. a5 Ne4 29. Be1 Ng4 30. Bh3 h5 31. Bxg4 hxg4 32. Kg2 Bxe3 33. Rxe3
Rxd4 34. Rc1 f5 35. Bc3 Rd3 36. Rxd3 cxd3 37. Bb4 d2 38. Rd1 Rd4 39. Ba3 Nc3
0-1

[Event "McGill op"]
[Site "Montreal CAN"]
[Date "2015.05.02"]
[Round "3"]
[White "Chabot, Roland"]
[Black "Hambleton, Aman"]
[Result "0-1"]
[WhiteElo "2183"]
[BlackElo "2438"]
[PlyCount "60"]
[EventDate "2015.05.01"]
[EventType "swiss"]
[EventRounds "5"]
[EventCountry "CAN"]

1. e4 c5 2. d3 e6 3. Nf3 d5 4. Be2 Nc6 5. O-O Bd6 6. c3 Nge7 7. a3 O-O 8. b4
Qc7 9. exd5 exd5 10. bxc5 Bxc5 11. d4 Bd6 12. Bd3 Bf5 13. Bxf5 Nxf5 14. Qd3 Qd7
15. a4 Rfe8 16. Nbd2 Rac8 17. a5 a6 18. Nb3 Na7 19. Bd2 Ne7 20. g3 Qf5 21. Qxf5
Nxf5 22. Rfe1 Nb5 23. Rxe8+ Rxe8 24. Ne1 Rc8 25. Rc1 Ba3 26. Rc2 h5 27. Kf1
Nfd6 28. Nd3 Nc4 29. Be1 Bd6 30. h4 Bxg3 0-1

[Event "McGill op"]
[Site "Montreal CAN"]
[Date "2015.05.03"]
[Round "5"]
[White "MacKinnon, Keith"]
[Black "Hambleton, Aman"]
[Result "1/2-1/2"]
[WhiteElo "2186"]
[BlackElo "2438"]
[PlyCount "20"]
[EventDate "2015.05.01"]
[EventType "swiss"]
[EventRounds "5"]
[EventCountry "CAN"]

1. d4 d5 2. c4 c6 3. cxd5 cxd5 4. Nc3 Nf6 5. Bf4 Nc6 6. Nf3 e6 7. e3 Bd6 8.
Bxd6 Qxd6 9. Bd3 O-O 10. O-O Bd7 1/2-1/2

[Event "Hart House Holidays op"]
[Site "Toronto CAN"]
[Date "2014.12.19"]
[Round "1"]
[White "Hambleton, Aman"]
[Black "Aronov, Yuri"]
[Result "1-0"]
[WhiteElo "2629"]
[BlackElo "2297"]
[PlyCount "77"]
[EventDate "2014.12.19"]
[EventType "swiss"]
[EventRounds "5"]
[EventCountry "CAN"]

1. d4 d5 2. c4 e6 3. Nc3 Be7 4. cxd5 exd5 5. Bf4 Nf6 6. e3 c6 7. Bd3 O-O 8. Qc2
a5 9. Nf3 Na6 10. a3 Nc7 11. h3 Ne6 12. Bh2 g6 13. O-O Ng7 14. Qb3 Bd6 15. Ne5
Qe7 16. f4 Bf5 17. Bxf5 Nxf5 18. Rae1 Ne4 19. Nxe4 dxe4 20. Qc2 f6 21. Nc4 Bc7
22. Nd2 Nd6 23. f5 Nxf5 24. Bxc7 Qxc7 25. Nxe4 Rae8 26. Qb3+ Kh8 27. Nc5 Rf7
28. e4 Rfe7 29. Qc3 Qg3 30. Rf3 Qg5 31. Ref1 Nh4 32. Rg3 Qh5 33. Rxf6 b6 34. d5
Qe5 35. d6 Qxc3 36. Rxc3 Re5 37. d7 Rd8 38. Ne6 Rxd7 39. Rf8# 1-0

[Event "Hart House Holidays op"]
[Site "Toronto CAN"]
[Date "2014.12.20"]
[Round "2"]
[White "Sapozhnikov, Roman"]
[Black "Hambleton, Aman"]
[Result "1-0"]
[WhiteElo "2372"]
[BlackElo "2629"]
[PlyCount "63"]
[EventDate "2014.12.19"]
[EventType "swiss"]
[EventRounds "5"]
[EventCountry "CAN"]

1. e4 c5 2. Nf3 e6 3. d4 cxd4 4. Nxd4 a6 5. Bd3 Qc7 6. O-O Nf6 7. Qe2 d6 8. c4
Be7 9. Nc3 Nbd7 10. f4 b6 11. Bd2 Bb7 12. Rae1 h5 13. Nf3 Ng4 14. b4 Bf6 15.
Rc1 Be7 16. h3 Ngf6 17. Ng5 h4 18. f5 e5 19. Nd5 Nxd5 20. cxd5 Qd8 21. Nf3 b5
22. Be3 Nb6 23. Nd2 Bg5 24. Nb3 Bxe3+ 25. Qxe3 Rb8 26. Na5 Na4 27. Nc6 Bxc6 28.
Rxc6 Rb6 29. Rc2 Rb8 30. Rc6 Rb6 31. Qc1 Ke7 32. f6+ 1-0

[Event "Hart House Holidays op"]
[Site "Toronto CAN"]
[Date "2014.12.20"]
[Round "3"]
[White "Hambleton, Aman"]
[Black "Lin, Tony (Juntao)"]
[Result "1/2-1/2"]
[WhiteElo "2629"]
[BlackElo "2219"]
[PlyCount "45"]
[EventDate "2014.12.19"]
[EventType "swiss"]
[EventRounds "5"]
[EventCountry "CAN"]

1. c4 c6 2. d4 d5 3. e3 Nf6 4. Bd3 a6 5. Nf3 Bg4 6. h3 Bh5 7. Qb3 Ra7 8. Nc3
Bg6 9. Bxg6 hxg6 10. O-O e6 11. Re1 b5 12. cxd5 cxd5 13. e4 dxe4 14. Nxe4 Nxe4
15. Rxe4 Be7 16. Be3 Rd7 17. Rc1 O-O 18. Ne5 Rd5 19. Nc6 Nxc6 20. Rxc6 Qa8 21.
Qc2 Bf6 22. b3 Rfd8 23. Qc3 1/2-1/2

[Event "Hart House Holidays op"]
[Site "Toronto CAN"]
[Date "2014.12.21"]
[Round "4"]
[White "Hambleton, Aman"]
[Black "Derraugh, Geordie"]
[Result "1/2-1/2"]
[WhiteElo "2629"]
[BlackElo "2304"]
[PlyCount "41"]
[EventDate "2014.12.19"]
[EventType "swiss"]
[EventRounds "5"]
[EventCountry "CAN"]

1. c4 Nf6 2. Nf3 g6 3. g3 c6 4. Bg2 Bg7 5. O-O O-O 6. d4 d5 7. cxd5 cxd5 8. Nc3
Ne4 9. Qb3 Nxc3 10. bxc3 Nc6 11. Nd2 e6 12. e4 Na5 13. Qb4 Re8 14. Re1 Bd7 15.
exd5 exd5 16. Rxe8+ Bxe8 17. Nb3 Nxb3 18. Qxb3 Bc6 19. Bd2 Qa5 20. Be3 Rd8 21.
h4 1/2-1/2

[Event "Hart House Holidays op"]
[Site "Toronto CAN"]
[Date "2014.12.21"]
[Round "5"]
[White "Xu, Haizhou"]
[Black "Hambleton, Aman"]
[Result "1/2-1/2"]
[WhiteElo "2302"]
[BlackElo "2629"]
[PlyCount "62"]
[EventDate "2014.12.19"]
[EventType "swiss"]
[EventRounds "5"]
[EventCountry "CAN"]

1. e4 e6 2. d4 d5 3. Nc3 Bb4 4. e5 Ne7 5. a3 Bxc3+ 6. bxc3 b6 7. Qg4 Ng6 8. h4
h5 9. Qg3 Ba6 10. Bxa6 Nxa6 11. a4 Nb8 12. Ne2 Qd7 13. Qg5 Qe7 14. Qg3 Nc6 15.
Bg5 f6 16. Bxf6 Qf7 17. Bg5 Na5 18. O-O Nc4 19. Nf4 Nxf4 20. Qxf4 Qg6 21. Rac1
Kd7 22. Qf3 Raf8 23. Qe2 a5 24. Rb1 Qf5 25. f3 Qg6 26. Qd3 Rf5 27. f4 Qe8 28.
Kh2 Kc8 29. Ra1 Qc6 30. Rfb1 Kb7 31. Kh3 Ka7 1/2-1/2